1587 1323 1931 1019 1497 1429 1088 1544 1701 1339 1334 1779 1781 1505 1248 1657 1835 1326 1226 1532 1696 1172 1862 1522 1102 1827 1021 1986 1658 1455 1073 1743 1092 1674 1414 1042 1168 1895 1933 1592 1278 1471 1025 1101 1948 1590 1668 1929 1401 1079 1809 1926 1338 1006 1236 1304 1018 1814 1231 1727 1471 1199 1650 1900 1730 1867 1102 1516 1612 1711 1120 1362 1790 1182 1091 1200 1226 1702 1527 1928 1581 1796 1586 1123 1834 1045 1849 1093 1584 1660 1184 1238 1259 1286 1541 1043 1007 1805 1149 BCNSPRNW ULIB Ver.6.0+V

เปลี่ยนเป็นภาษาไทย

Change to English
 แสดงรายละเอียดบรรณานุกรม
  กลับหน้าหลัก

Brief Record : Get Marc (ISO 2709) : E-mail record : QR code < ปิดหน้าต่าง
LEADER : 00000nam a2200000 a 4500
001    13399114745
003     ULIB
008    090917s2553 th a 000 0 tha d
020    ^a9789740325932
050  4 ^aLB1027^bพ721ก
100 0  ^aพิมพันธ์ เดชะคุปต์
245 10 ^aการสอนคิดด้วยโครงงานการเรียนการสอนแบบบูรณาการ /^cพิมพันธ์
250    ^aพิมพ์ครั้งที่ 2
260    ^aกรุงเทพฯ :^bโรงพิมพ์แห่งจุฬาลงกรณ์มหาวิทยาลัย,^c2553
300    ^a205 หน้า :^bภาพประกอบ ;^c21 ซม.
650  4 ^aการวางแผนหลักสูตร
650  4 ^aหลักสูตร
945    ^p195^l0^i031744
945    ^p195^l0^i031746
945    ^p195^l0^i031747
945    ^p195^l0^i031748
945    ^p195^l0^i031749
945    ^p195^l0^i031745
995    ^a เกษร
999 ^a ใช้งานได้ทุกระบบ
รายการนี้ยังไม่มีแท็ก
คุณยังไม่ได้ล็อกอิน คุณสามารถมีกิจกรรมร่วมกับเว็บไซต์ได้ แต่ต้องล็อกอินก่อน ::
  ล็อกอิน

รายการสื่อสารสนเทศ

ลำดับที่ ประเภท เลขเรียก/บาร์โค้ด สถานที่ สถานะ
- ไม่พบข้อมูล -

รายการใกล้เคียง
    ผู้แต่ง [พิมพันธ์ เดชะคุปต์]

    หัวเรื่อง [การวางแผนหลักสูตร]
    หัวเรื่อง [หลักสูตร]

BibComment


ยังไม่เคยถูกคอมเมนท์

คอมเมนท์ทรัพยากรรายการนี้
  คอมเมนท์: การสอนคิดด้วยโคร..


 Copyright 2026. Bcnsprnw @Library